000 00432ntaaa2200169 4500
003 01
005 20251027202440.0
008 0714s1973 ag 01
040 _aAR-BaBN
_bspa
_cAR-BaBN
_eaacr
_dRIC
082 _a266.0000 W34
100 _aWatt, Raquel
_923333
245 _aEn el corazón del salvajismo
250 _a1 ed. :
_bSociedad de Publicaciones Religiosas,
_cc1930
300 _a252 p.
650 _aMisiones
942 _cBK
999 _c19446
_d19446